Zhrnutie vývoja na slovenskom finančnom trhu za prvý polrok 2007

Rast finančného sprostredkovania v prvom polroku 2007. Pokračovanie rastových trendov v bankovom sektore, zlepšenie finančnej pozície bankového sektora. Rast ostatných sektorov finančného sektora. Kreditné riziko ostáva najvýznamnejším rizikom v bankovom sektore. Negatívny dopad rastu úrokových sadz...

Full description

Saved in:
Bibliographic Details
Format: Book Chapter
Language:Slovak
Subjects:
Tags: Add Tag
No Tags, Be the first to tag this record!

MARC

LEADER 00000naa$a2200000$$$4500
001 0067803
005 20231106073458.5
041 0 |a slo 
044 |a SK 
245 1 0 |a Zhrnutie vývoja na slovenskom finančnom trhu za prvý polrok 2007 
520 |a Rast finančného sprostredkovania v prvom polroku 2007. Pokračovanie rastových trendov v bankovom sektore, zlepšenie finančnej pozície bankového sektora. Rast ostatných sektorov finančného sektora. Kreditné riziko ostáva najvýznamnejším rizikom v bankovom sektore. Negatívny dopad rastu úrokových sadzieb vo väčšine finančného sektora. Devízové a akciové riziko vo finančnom sektore. Simulácia poklesu výkonnosti reálnej ekonomiky. 
610 2 0 |a trh finančný 
610 2 0 |a bankovníctvo 
610 2 0 |a riziko úverové 
610 2 0 |a Slovensko 
610 2 0 |a 2007